Statistics for Fortnite Name the LTM

Click here to take the quiz!

General Stats

  • This quiz has been taken 15 times
  • The average score is 13 of 37

Answer Stats

Answer% Correct
First ever LTM, comes in versions such as Solid Gold, Driftin', Soarin', High Explosives, and Close Encounters50v50
85%
Durr Burger vs. Tomatohead. Comes with Deep Fried VersionFood Fight
77%
Gold weapons onlySolid Gold
77%
2 teams fight it out, first to 150 kills wins, respawns enabledTeam Rumble
77%
RPGs and Grenade Launchers and Quad Launchers are the only gunsHigh Explosives
69%
The most rage-inducing mode, also the easiest mode to get kills in, where everyone is one shot and you only have snipers and it is low-gravityOne Shot
69%
Shotguns onlyClose Encounters
62%
Mode from 14 days of Fortnite, No heals, only way to heal is with kills, 50 shield/health per kill, and the setting were soon added to tournaments and eventually normal game, and when these settings were taken out everyone was spamming the Uno reverse card and telling Epic to revert.Siphon
54%
5 teamsTeams of 20
54%
Lava rises up from the lowest points on the map eventually taking over the highest.Floor is Lava
46%
Snipers only, with normal gravity, this mode used to have revolvers in Season 2Sniper Shootout
46%
Mode with Jewels and Vans and Safes, AKA High StakesThe Getaway
46%
Get out most of the vaulted weapons and use them, just keep hoping next time this comes out Zapotron will be in it.Unvaulted
46%
Fast-paced gamemode, quicker stormBlitz
38%
Mode with only items such as Clingers, Grenades, C4, Shockwave grenades, and other throwableCatch
38%
Mode for DriftboardsDriftin
38%
Mode from Season 4. 3 teams.Teams of 33
38%
Planes only, Upgrade your Pistols, SMGs, and Burst ARs to Deagles, Miniguns, and Infantry Rifles and grab Health and Repair Kits. Last plane standing wins.Air Royale
31%
Football version of the LTM aboveNFL Rumble
31%
Mode with Purple/Gold Weapons and Infinity BladesSword Fight
31%
Six Shooters, Pumps, Revolvers, Hunting Rifles, Double BarrelsWild West
31%
Dread it, run from it, the end is near... *cough* Thanos *cough*Infinity Gauntlet
23%
Crossbows onlyLove Shot
23%
Silenced Weapons onlySneaky Silencers
23%
Same as LTM above, but with Jetpacks and GrapplersFly Explosives
15%
First appearance of the Cube Monsters at HalloweenFortnitemares
15%
Can hold 70 mats max.Ground Game
15%
Permanent icy feetSlide
15%
A mode from Season 4 where teams get pushed into a final 3rd circle in which a countdown begins and whichever team has the most players alive by the end of the countdown wins the game.Final Fight
8%
You get points for kills, and you can pick up coins around the map to get your score to a certain amount to win the gameScore Royale
8%
A mode created for the Marshmello eventShowtime
8%
Glider Redeploy in SoloSoaring Solos
8%
Storm never stops movingSteady Storm
8%
2 teams of 20 fight each other with Cube Monsters on the sideTeam Terror
8%
No teammate indicators, no map. Mode from 14 days of FortniteBarebones
0%
St. Patricks Day LTM, Green weapons onlyGoing Green
0%
Ice version of the LTM aboveIce Storm
0%

Score Distribution

Percentile by Number Answered

Percent of People with Each Score

Your Score History

You have not taken this quiz